000 00390 a2200157 4500
003 NUST
005 20231219144506.0
040 _aDLC
_bDLC
082 _a891.4393
_bHIJ
100 _aNaseem Hijazi.
245 _aAur Talwar Toot Gai/
_cNaseem Hijazi.
260 _aLahore:
_bJBD Art Section,
_c2005.
300 _a575 p. ;
_c24 cm.
650 _aUrdu literature
942 _cBK
_k891.4393 HIJ
_2ddc
999 _c6945
_d6945